[Event "BPB Limburg open"]
[Site "Maastricht"]
[Date "2015.05.23"]
[Round "2"]
[White "Dardha, Arben"]
[Black "L'Ami, Erwin"]
[Result "0-1"]
[WhiteElo "2343"]
[BlackElo "2635"]
[PlyCount "70"]
[EventDate "2015.05.22"]
[EventType "swiss"]
[EventRounds "7"]
[EventCountry "NED"]
[Source "P.Boonen"]
[SourceDate "2015.10.01"]

1. e4 e5 2. Nf3 Nc6 3. Nc3 Nf6 4. d4 exd4 5. Nxd4 Bc5 6. Nxc6 bxc6 7. Bd3 O-O
8. O-O Re8 9. Bg5 Bd4 10. Re1 d6 11. Bc4 Bxc3 12. bxc3 h6 13. Bxf6 Qxf6 14. Qd4
Be6 15. Bxe6 Qxe6 16. Re3 Reb8 17. Qa4 Rb5 18. Rae1 a5 19. f4 Rab8 20. e5 d5
21. h3 Rc5 22. Qa3 Rc4 23. f5 Qxf5 24. Qxa5 Rb2 25. Qxc7 Rxc2 26. Rg3 R4xc3 27.
Rf1 Rc1 28. Rxc1 Rxc1+ 29. Kh2 Qf4 30. Qb8+ Kh7 31. Qb2 d4 32. Qe2 Rc3 33. Qg4
Qxg4 34. Rxg4 c5 35. Kg1 Ra3 0-1

[Event "BPB Limburg open"]
[Site "Maastricht"]
[Date "2015.05.23"]
[Round "2"]
[White "De Mey, Juan Pablo"]
[Black "Wecker, Martin"]
[Result "0-1"]
[WhiteElo "1969"]
[BlackElo "2122"]
[PlyCount "120"]
[EventDate "2015.05.22"]
[EventType "swiss"]
[EventRounds "7"]
[EventCountry "NED"]
[Source "P.Boonen"]
[SourceDate "2015.10.01"]

1. e4 c5 2. Nf3 e6 3. d4 cxd4 4. Nxd4 Nc6 5. Nxc6 bxc6 6. Nc3 Nf6 7. Bd3 d5 8.
exd5 exd5 9. Bg5 Be7 10. h3 O-O 11. Qf3 Qb6 12. O-O Be6 13. b4 Qxb4 14. Rab1
Qd6 15. Rb7 Bc8 16. Bf4 Qe6 17. Rbb1 Nd7 18. Qg3 Qf6 19. Na4 h5 20. h4 Qxh4 21.
Qe3 Qf6 22. g3 Bd6 23. Bg5 Qe5 24. Qd2 Be7 25. Be3 Qd6 26. Qe2 g6 27. Kg2 c5
28. Bf4 Qf6 29. Qf3 Nb6 30. Nxb6 axb6 31. Qxd5 Be6 32. Qe5 Qxe5 33. Bxe5 Bd5+
34. f3 c4 35. Be2 Bc5 36. Rfd1 Be6 37. Bd6 Bxd6 38. Rxd6 Rxa2 39. Bd1 Bf5 40.
Rbxb6 Bxc2 41. Rd2 Bb3 42. Rxa2 Bxa2 43. Rb2 Ra8 44. Kf2 Ra3 45. Ke2 Bb3 46.
Bxb3 Rxb3 47. Rc2 Rb4 48. Ke3 Kg7 49. Kd4 Kf6 50. Rc3 Rb3 51. Kxc4 Rxc3+ 52.
Kxc3 Kf5 53. Kd4 g5 54. Ke3 h4 55. gxh4 gxh4 56. Kf2 Kf4 57. Kg2 f5 58. Kh3
Kxf3 59. Kxh4 f4 60. Kh3 Ke2 0-1

[Event "BPB Limburg open"]
[Site "Maastricht"]
[Date "2015.05.23"]
[Round "2"]
[White "Decoster, Frederic"]
[Black "Miedema, David"]
[Result "0-1"]
[WhiteElo "2303"]
[BlackElo "2348"]
[PlyCount "136"]
[EventDate "2015.05.22"]
[EventType "swiss"]
[EventRounds "7"]
[EventCountry "NED"]
[Source "P.Boonen"]
[SourceDate "2015.10.01"]

1. e4 e6 2. d4 d5 3. Nc3 Bb4 4. e5 c5 5. a3 Bxc3+ 6. bxc3 Ne7 7. h4 Nbc6 8. h5
Qa5 9. Bd2 Bd7 10. h6 gxh6 11. Nf3 O-O-O 12. a4 c4 13. Bxh6 Nf5 14. Bd2 Rdg8
15. g3 f6 16. exf6 Rg6 17. f7 Rf6 18. Bg2 Rxf7 19. Qe2 Rg8 20. Ne5 Nxe5 21.
Qxe5 Ne7 22. O-O Ng6 23. Qd6 Qc7 24. Qxc7+ Kxc7 25. Rfe1 a5 26. Bh3 Nh4 27. Bg2
Ng6 28. Bh3 Re7 29. Bg5 Ree8 30. Bf6 Rgf8 31. Bg5 Kd6 32. Bg4 e5 33. Bxd7 Kxd7
34. Be3 e4 35. Rad1 Kc6 36. Kg2 h5 37. Rh1 Rh8 38. Rh2 h4 39. Rf1 Ref8 40. g4
Rf3 41. Rfh1 Rhf8 42. g5 R8f5 43. Rxh4 Nxh4+ 44. Rxh4 Rf7 45. Rh6+ Kc7 46. Rh1
Rg7 47. Kf1 b5 48. axb5 Kb6 49. Ke2 a4 50. Kd2 Kxb5 51. Kc1 a3 52. Kb1 Ka4 53.
Ka1 Rxe3 54. fxe3 Rxg5 55. Rh8 Rg2 56. Ra8+ Kb5 57. Kb1 Rg1+ 58. Ka2 Rc1 59.
Rxa3 Rxc2+ 60. Kb1 Re2 61. Ra8 Rxe3 62. Rc8 Ka4 63. Kc2 Re2+ 64. Kd1 Rh2 65.
Rb8 e3 66. Re8 Rd2+ 67. Kc1 Kb3 68. Rxe3 Rc2+ 0-1

[Event "BPB Limburg open"]
[Site "Maastricht"]
[Date "2015.05.23"]
[Round "2"]
[White "Doggers, Peter"]
[Black "Van Eetvelde, Ward"]
[Result "0-1"]
[WhiteElo "2253"]
[BlackElo "2102"]
[PlyCount "52"]
[EventDate "2015.05.22"]
[EventType "swiss"]
[EventRounds "7"]
[EventCountry "NED"]
[Source "P.Boonen"]
[SourceDate "2015.10.01"]

1. e4 c6 2. d4 d5 3. Nc3 g6 4. h3 Bg7 5. Nf3 Nf6 6. Bd3 O-O 7. O-O c5 8. dxc5
dxe4 9. Nxe4 Nxe4 10. Bxe4 Qa5 11. c3 Qxc5 12. Qb3 Nc6 13. Be3 Qa5 14. Rfd1 Qc7
15. Qc4 Be6 16. Qc5 Rfc8 17. Ng5 Bd7 18. Rd2 Be8 19. Rad1 e6 20. b3 Rab8 21.
Bc2 b6 22. Qc4 b5 23. Qh4 h6 24. Ne4 g5 25. Nxg5 hxg5 26. Bxg5 Kf8 0-1

[Event "BPB Limburg open"]
[Site "Maastricht"]
[Date "2015.05.23"]
[Round "2"]
[White "Dragun, Kamil"]
[Black "Van der Auweraert, Elwin"]
[Result "1-0"]
[WhiteElo "2580"]
[BlackElo "2260"]
[PlyCount "75"]
[EventDate "2015.05.22"]
[EventType "swiss"]
[EventRounds "7"]
[EventCountry "NED"]
[Source "P.Boonen"]
[SourceDate "2015.10.01"]

1. Nf3 Nf6 2. c4 e6 3. d4 c5 4. g3 cxd4 5. Nxd4 Nc6 6. Bg2 Qb6 7. Nc2 d6 8. O-O
Be7 9. Nc3 a6 10. b3 O-O 11. Bb2 Bd7 12. e4 Rfc8 13. Ne3 Rab8 14. Rc1 Be8 15.
Qe2 Qa5 16. a4 Qb6 17. Rb1 Nb4 18. Rfd1 Qc5 19. Ba3 Qb6 20. Qd2 a5 21. Nb5 Bxb5
22. Bxb4 axb4 23. Qxb4 Qc7 24. Qxb5 b6 25. b4 Ne8 26. Ra1 Bf6 27. Ra3 Qe7 28.
Qh5 d5 29. cxd5 Qxb4 30. Rad3 exd5 31. Nxd5 Qxa4 32. e5 Bd8 33. Bh3 Rc5 34. Bd7
Qxd7 35. Nf6+ Nxf6 36. Rxd7 Nxd7 37. Rxd7 g6 38. Qf3 1-0

[Event "BPB Limburg open"]
[Site "Maastricht"]
[Date "2015.05.23"]
[Round "2"]
[White "Drose, Daniela"]
[Black "Van de Perre, Tom"]
[Result "1/2-1/2"]
[WhiteElo "1977"]
[BlackElo "2073"]
[PlyCount "57"]
[EventDate "2015.05.22"]
[EventType "swiss"]
[EventRounds "7"]
[EventCountry "NED"]
[Source "P.Boonen"]
[SourceDate "2015.10.01"]

1. e4 e5 2. Nf3 Nc6 3. Bb5 f5 4. d3 fxe4 5. dxe4 Nf6 6. O-O Bc5 7. Nc3 d6 8.
Bg5 O-O 9. Bc4+ Kh8 10. Nd5 Na5 11. Bd3 Nc6 12. Nh4 Ne7 13. Bxf6 gxf6 14. Qh5
Kg7 15. Nxe7 Qxe7 16. Bc4 Qe8 17. Nf5+ Bxf5 18. Qxf5 Rd8 19. Rad1 Qg6 20. Rd3
Qxf5 21. exf5 c6 22. Be6 d5 23. b4 Bb6 24. a4 e4 25. Rg3+ Kh8 26. Rb1 Rd6 27.
Rbb3 d4 28. Kf1 Rfd8 29. Ke2 1/2-1/2

[Event "BPB Limburg open"]
[Site "Maastricht"]
[Date "2015.05.23"]
[Round "2"]
[White "Ernst, Sipke"]
[Black "Shkapenko, Pavel"]
[Result "1/2-1/2"]
[WhiteElo "2523"]
[BlackElo "2422"]
[PlyCount "57"]
[EventDate "2015.05.22"]
[EventType "swiss"]
[EventRounds "7"]
[EventCountry "NED"]
[Source "P.Boonen"]
[SourceDate "2015.10.01"]

1. c4 Nf6 2. Nf3 e6 3. g3 a6 4. Nc3 d5 5. cxd5 exd5 6. d4 Bd6 7. Bg2 O-O 8. Ne5
c6 9. O-O Qe7 10. f4 Bf5 11. h3 Be4 12. Nxe4 Nxe4 13. Bxe4 dxe4 14. Qb3 c5 15.
Be3 cxd4 16. Bxd4 Bxe5 17. Bxe5 Nc6 18. Bc3 Rfd8 19. Qb6 Rd5 20. Rad1 Rad8 21.
Rxd5 Rxd5 22. Kg2 e3 23. Rf3 Rd2 24. Rxe3 Rxe2+ 25. Kf3 Rxe3+ 26. Qxe3 Qxe3+
27. Kxe3 f5 28. g4 g6 29. Kf3 1/2-1/2

[Event "BPB Limburg open"]
[Site "Maastricht"]
[Date "2015.05.23"]
[Round "2"]
[White "Fedorchuk, Sergey A"]
[Black "Gerlagh, Joris"]
[Result "1-0"]
[WhiteElo "2657"]
[BlackElo "2163"]
[PlyCount "73"]
[EventDate "2015.05.22"]
[EventType "swiss"]
[EventRounds "7"]
[EventCountry "NED"]
[Source "P.Boonen"]
[SourceDate "2015.10.01"]

1. e4 c5 2. Nf3 e6 3. d4 cxd4 4. Nxd4 Nc6 5. Nc3 Qc7 6. Be2 a6 7. O-O Nf6 8.
Be3 Be7 9. f4 d6 10. Kh1 O-O 11. Qe1 Nxd4 12. Bxd4 b5 13. Qg3 b4 14. e5 Ne8 15.
Ne4 f6 16. exf6 Bxf6 17. Nxf6+ Nxf6 18. Bd3 Bb7 19. Rae1 Rae8 20. Qg5 Rf7 21.
Rf2 a5 22. Kg1 Bd5 23. b3 Qc6 24. Rfe2 Rc8 25. Re3 a4 26. h4 h6 27. Qg6 Kf8 28.
Rg3 Qb7 29. Rge3 Ng8 30. Rxe6 Bxe6 31. Qxe6 Rd8 32. Bc4 d5 33. Bc5+ Ne7 34. Bd3
Re8 35. Re3 Qc7 36. Qxd5 Kg8 37. Bh7+ 1-0

[Event "BPB Limburg open"]
[Site "Maastricht"]
[Date "2015.05.23"]
[Round "2"]
[White "Fuchs, Judith"]
[Black "De Jong, Jan Willem"]
[Result "1/2-1/2"]
[WhiteElo "2273"]
[BlackElo "2457"]
[PlyCount "52"]
[EventDate "2015.05.22"]
[EventType "swiss"]
[EventRounds "7"]
[EventCountry "NED"]
[Source "P.Boonen"]
[SourceDate "2015.10.01"]

1. e4 c6 2. d4 d5 3. Nc3 dxe4 4. Nxe4 Bf5 5. Nc5 b6 6. Nb3 e6 7. Nf3 a5 8. Be2
Nf6 9. O-O Be7 10. c3 O-O 11. Ne5 Nd5 12. Bf3 Qc7 13. Nd2 Nd7 14. Nxd7 Qxd7 15.
Be4 Bxe4 16. Nxe4 a4 17. Qc2 Rfd8 18. Bg5 Bxg5 19. Nxg5 Nf6 20. Rfe1 Qc7 21.
Rad1 Rd5 22. Ne4 Nxe4 23. Rxe4 Qd7 24. Re5 b5 25. a3 Rd8 26. Rde1 Qc7 1/2-1/2

[Event "BPB Limburg open"]
[Site "Maastricht"]
[Date "2015.05.23"]
[Round "2"]
[White "Goossens, Hanne"]
[Black "Coenen, Eduard"]
[Result "1-0"]
[WhiteElo "2215"]
[BlackElo "2129"]
[PlyCount "87"]
[EventDate "2015.05.22"]
[EventType "swiss"]
[EventRounds "7"]
[EventCountry "NED"]
[Source "P.Boonen"]
[SourceDate "2015.10.01"]

1. e4 g6 2. d4 Bg7 3. Nc3 d6 4. Be3 a6 5. Qd2 Nd7 6. O-O-O b5 7. h4 h5 8. Nh3
Bb7 9. Ng5 Rc8 10. Kb1 c5 11. dxc5 Nxc5 12. Bd4 Nf6 13. f3 O-O 14. Nd5 Bxd5 15.
exd5 e5 16. dxe6 Nxe6 17. Nxe6 fxe6 18. Bd3 e5 19. Be3 Qe8 20. Bh6 e4 21. Bxe4
Nxe4 22. fxe4 Qxe4 23. Bxg7 Kxg7 24. Rhe1 Qxh4 25. Qxd6 Qf6 26. Qd7+ Kg8 27.
Rd6 Qg5 28. Qe6+ Kg7 29. Rd7+ Kh6 30. Re7 Qf5 31. Qe3+ Qf4 32. Qa7 Rc6 33. Rh7+
Kg5 34. Qe7+ Rff6 35. Re5+ Kg4 36. Re4 Rce6 37. Rxf4+ Kxf4 38. Qc7+ Ke3 39. b3
Kf2 40. a3 Rc6 41. Qe5 Kxg2 42. Re7 Rf3 43. Rd7 Rfc3 44. Rd2+ 1-0

[Event "BPB Limburg open"]
[Site "Maastricht"]
[Date "2015.05.23"]
[Round "2"]
[White "Goudriaan, Etienne"]
[Black "Van Foreest, Jorden"]
[Result "0-1"]
[WhiteElo "2372"]
[BlackElo "2519"]
[PlyCount "134"]
[EventDate "2015.05.22"]
[EventType "swiss"]
[EventRounds "7"]
[EventCountry "NED"]
[Source "P.Boonen"]
[SourceDate "2015.10.01"]

1. e4 c5 2. Nf3 e6 3. g3 d5 4. exd5 exd5 5. d4 Nc6 6. Bg2 Bg4 7. O-O Nxd4 8.
Qe1+ Be6 9. Nxd4 cxd4 10. Qe5 Nf6 11. Qxd4 Be7 12. Bd2 Qc7 13. Bb4 Bxb4 14.
Qxb4 a5 15. Qa3 b5 16. c3 Ne4 17. Re1 f5 18. Nd2 Qb6 19. Re2 Kf7 20. Nf3 Rhc8
21. h4 h6 22. Nd4 Rc4 23. Kh2 b4 24. Qb3 a4 25. Qd1 bxc3 26. Nxe6 Qxe6 27. bxc3
f4 28. gxf4 Qf5 29. Bxe4 dxe4 30. Qd2 Kg8 31. Rg1 Rf8 32. Rg3 Qxf4 33. Qd5+ Qf7
34. Qe5 e3 35. Rgxe3 Rxh4+ 36. Kg1 Kh8 37. Qg3 Qc4 38. f3 Rhf4 39. Rg2 R4f7 40.
Qe5 a3 41. Re4 Qc7 42. Qxc7 Rxc7 43. Re3 Ra8 44. Rc2 Rc4 45. Kf2 Rb8 46. Ke2
Rh4 47. c4 Rb2 48. Kd3 Rxc2 49. Kxc2 Rxc4+ 50. Kb3 Rf4 51. Kxa3 h5 52. Kb3 h4
53. a4 h3 54. a5 h2 55. Re1 Rxf3+ 56. Kb4 Rf2 57. a6 Ra2 58. Rh1 g5 59. a7 Kg7
60. Rxh2 Rxa7 61. Kc5 Rd7 62. Rg2 Kg6 63. Rg1 Kf5 64. Rf1+ Kg4 65. Rg1+ Kf4 66.
Rf1+ Ke3 67. Rg1 Rg7 0-1

[Event "BPB Limburg open"]
[Site "Maastricht"]
[Date "2015.05.23"]
[Round "2"]
[White "Haast, Anne"]
[Black "Bok, Benjamin"]
[Result "1/2-1/2"]
[WhiteElo "2352"]
[BlackElo "2554"]
[PlyCount "138"]
[EventDate "2015.05.22"]
[EventType "swiss"]
[EventRounds "7"]
[EventCountry "NED"]
[Source "P.Boonen"]
[SourceDate "2015.10.01"]

1. e4 e5 2. Nf3 Nc6 3. Bb5 a6 4. Ba4 Nf6 5. O-O Be7 6. Re1 b5 7. Bb3 d6 8. c3
O-O 9. h3 Na5 10. Bc2 c5 11. d4 Nd7 12. dxc5 dxc5 13. Nbd2 Bb7 14. Nf1 Nc4 15.
N3h2 Ndb6 16. Qxd8 Rfxd8 17. b3 Nd6 18. f4 exf4 19. Bxf4 c4 20. Nf3 cxb3 21.
axb3 Rac8 22. Be5 Nd7 23. Bd4 Nc5 24. Ng3 Ne8 25. Re2 g6 26. Rf1 Ne6 27. Bb6
Bc5+ 28. Bxc5 Rxc5 29. Re3 Nf6 30. b4 Rc7 31. Bb3 Nd7 32. Nd4 Re8 33. e5 Nb6
34. Nxe6 fxe6 35. Ne2 Bd5 36. Bxd5 Nxd5 37. Rd3 Rec8 38. Ra1 Nxc3 39. Nxc3 Rxc3
40. Rxc3 Rxc3 41. Rxa6 Rb3 42. Rxe6 Rxb4 43. Rb6 Kf7 44. Kh2 Rb3 45. g4 b4 46.
Kg2 Rb1 47. Kh2 b3 48. Kg2 Ke7 49. e6 b2 50. Kh2 Kf6 51. Kg2 Kg5 52. e7 Re1 53.
Rxb2 Rxe7 54. Rb3 Kh4 55. Rf3 Re2+ 56. Kg1 Ra2 57. Kh1 Kg5 58. Kg1 Kh4 59. Kh1
Rb2 60. Kg1 Rb7 61. Kg2 Rc7 62. Kg1 Rc2 63. Kh1 g5 64. Kg1 h5 65. gxh5 Kxh5 66.
Kh1 Kh4 67. Kg1 Ra2 68. Kh1 g4 69. hxg4 Kxg4 1/2-1/2

[Event "BPB Limburg open"]
[Site "Maastricht"]
[Date "2015.05.23"]
[Round "2"]
[White "Heemskerk, Wim"]
[Black "Heinert, Eugen"]
[Result "0-1"]
[WhiteElo "2199"]
[BlackElo "2154"]
[PlyCount "48"]
[EventDate "2015.05.22"]
[EventType "swiss"]
[EventRounds "7"]
[EventCountry "NED"]
[Source "P.Boonen"]
[SourceDate "2015.10.01"]

1. Nf3 d5 2. g3 c6 3. Bg2 Bg4 4. c4 e6 5. O-O Nd7 6. cxd5 exd5 7. d3 Ngf6 8.
Qc2 Be7 9. e4 Bxf3 10. Bxf3 O-O 11. Nc3 Ne5 12. Bg2 dxe4 13. dxe4 Qd3 14. Qb3
Bc5 15. Bf4 Nf3+ 16. Kh1 Nd2 17. Bxd2 Qxd2 18. Rad1 Qh6 19. f3 Nh5 20. Ne2 Rad8
21. Rxd8 Rxd8 22. Rd1 Rd2 23. g4 Qe3 24. Re1 Ng3+ 0-1

[Event "BPB Limburg open"]
[Site "Maastricht"]
[Date "2015.05.23"]
[Round "2"]
[White "Heltzel, Joost"]
[Black "Bus, Tom"]
[Result "1-0"]
[WhiteElo "2224"]
[BlackElo "2111"]
[PlyCount "105"]
[EventDate "2015.05.22"]
[EventType "swiss"]
[EventRounds "7"]
[EventCountry "NED"]
[Source "P.Boonen"]
[SourceDate "2015.10.01"]

1. e4 c6 2. Nc3 d5 3. Nf3 Bg4 4. h3 Bxf3 5. Qxf3 e6 6. d3 Nd7 7. g3 g6 8. Bg2
Bg7 9. O-O Qb6 10. a4 Ngf6 11. a5 Qd8 12. Qe2 O-O 13. Bg5 Qc8 14. e5 Ne8 15.
Be7 Nxe5 16. Bxf8 Kxf8 17. Nd1 a6 18. Ne3 Nd6 19. c3 Qc7 20. Ng4 Nd7 21. Nh2
Kg8 22. Nf3 Rc8 23. Rfe1 Nf5 24. h4 h6 25. Bh3 Nd6 26. Qc2 Nb5 27. Kg2 Nd6 28.
c4 d4 29. Kg1 Re8 30. Nd2 c5 31. Bg2 f5 32. Reb1 Re7 33. b4 cxb4 34. Rxb4 Kh7
35. Qb1 Nc5 36. Nb3 Nxb3 37. Qxb3 e5 38. h5 gxh5 39. Qd1 e4 40. Qxh5 exd3 41.
Qd1 Qc5 42. Rab1 d2 43. Qxd2 Qxa5 44. Qd3 Qe5 45. Bxb7 Bf6 46. Bg2 Kg7 47. c5
Ne4 48. Bxe4 fxe4 49. Qxa6 e3 50. Qe2 exf2+ 51. Qxf2 Qd5 52. c6 d3 53. Rb7 1-0

[Event "BPB Limburg open"]
[Site "Maastricht"]
[Date "2015.05.23"]
[Round "2"]
[White "Henrich, Thomas"]
[Black "Hulshof, Peter"]
[Result "0-1"]
[WhiteElo "2208"]
[BlackElo "2154"]
[PlyCount "94"]
[EventDate "2015.05.22"]
[EventType "swiss"]
[EventRounds "7"]
[EventCountry "NED"]
[Source "P.Boonen"]
[SourceDate "2015.10.01"]

1. d4 g6 2. c4 Bg7 3. g3 d6 4. Bg2 Nf6 5. Nf3 O-O 6. O-O Nbd7 7. Qc2 e5 8. Rd1
Qe7 9. b3 Re8 10. Nc3 exd4 11. Nxd4 Nc5 12. Bg5 c6 13. Bf4 Nfe4 14. Nxe4 Nxe4
15. Rac1 Bd7 16. e3 d5 17. h4 Rac8 18. c5 h6 19. Bxe4 Qxe4 20. f3 Qxc2 21. Rxc2
f6 22. Kf2 g5 23. Bd6 f5 24. Rcd2 Kf7 25. Ne2 Kg6 26. Rg1 Re6 27. hxg5 hxg5 28.
g4 fxg4 29. fxg4 Rce8 30. Rd3 Re4 31. Kf3 R8e6 32. Rg3 Rf6+ 33. Kg2 Rxg4 34.
Be5 Rxg3+ 35. Kxg3 Rf7 36. Bxg7 Rxg7 37. Nd4 Bf5 38. Rd2 Re7 39. Kf2 Be4 40. b4
Rh7 41. Kg3 Rh1 42. b5 cxb5 43. Nxb5 Rg1+ 44. Kh2 Rc1 45. Nxa7 Rxc5 46. Rb2 Kf5
47. Nb5 Kg4 0-1

[Event "BPB Limburg open"]
[Site "Maastricht"]
[Date "2015.05.23"]
[Round "2"]
[White "Hoffmeister, Frank"]
[Black "Watzlawek, Markus"]
[Result "1/2-1/2"]
[WhiteElo "2231"]
[BlackElo "2107"]
[PlyCount "66"]
[EventDate "2015.05.22"]
[EventType "swiss"]
[EventRounds "7"]
[EventCountry "NED"]
[Source "P.Boonen"]
[SourceDate "2015.10.01"]

1. d4 f5 2. c4 Nf6 3. g3 g6 4. Bg2 Bg7 5. Nf3 O-O 6. O-O d6 7. Nc3 Qe8 8. d5 a5
9. Nd4 Na6 10. b3 Bd7 11. a3 Nc5 12. Bb2 c6 13. e3 g5 14. b4 Nce4 15. Qc2 Qg6
16. Nb3 axb4 17. axb4 Nxc3 18. Bxc3 cxd5 19. cxd5 Rac8 20. Qb2 Rxc3 21. Qxc3
Ne4 22. Qd3 Bxa1 23. Rxa1 Rc8 24. Nd4 Kf7 25. Qa3 Qg8 26. g4 Qg6 27. gxf5 Bxf5
28. Rc1 Nf6 29. Ne6 Rxc1+ 30. Qxc1 Bxe6 31. dxe6+ Kxe6 32. Bxb7 Qd3 33. Bc6 Qe2
1/2-1/2

[Event "BPB Limburg open"]
[Site "Maastricht"]
[Date "2015.05.23"]
[Round "2"]
[White "Hoynck van Papendrecht, Frans"]
[Black "Burg, Brent"]
[Result "0-1"]
[WhiteElo "2091"]
[BlackElo "2214"]
[PlyCount "138"]
[EventDate "2015.05.22"]
[EventType "swiss"]
[EventRounds "7"]
[EventCountry "NED"]
[Source "P.Boonen"]
[SourceDate "2015.10.01"]

1. f4 e5 2. e4 exf4 3. Bc4 Qh4+ 4. Kf1 d5 5. exd5 Bd6 6. Nf3 Qh5 7. Nc3 Ne7 8.
d4 O-O 9. Ne5 Qxd1+ 10. Nxd1 f6 11. Nd3 g5 12. Bb3 a5 13. c4 a4 14. Bc2 Nf5 15.
Nc3 Nxd4 16. Bd1 Bf5 17. Ne1 a3 18. bxa3 Bxa3 19. Bxa3 Rxa3 20. Nb5 Nxb5 21.
cxb5 Nd7 22. Rc1 Rxa2 23. d6 Rb2 24. dxc7 Nb6 25. Be2 Re8 26. Bf3 Bc8 27. g4
Rxb5 28. h4 Nd5 29. hxg5 fxg5 30. Rh2 Ne3+ 31. Kg1 Nxg4 32. Rd2 Nf6 33. Rd6 Kf7
34. Nd3 g4 35. Bd1 Ke7 36. Rd4 Rd5 37. Rxd5 Nxd5 38. Bb3 Kd6 39. Bxd5 Kxd5 40.
Nxf4+ Kd6 41. Kf2 Re4 42. Ne2 h5 43. Nc3 Re5 44. Na4 Rb5 45. Kg3 Rb4 46. Nc5 b6
47. Nd3 Rb3 48. Rd1 Kxc7 49. Kh4 Bf5 50. Nf4 Rb1 51. Rxb1 Bxb1 52. Kxh5 Bf5 53.
Nd5+ Kb7 54. Ne3 Be6 55. Kg5 Kc6 56. Kf4 Kc5 57. Ke5 Bc8 58. Ke4 b5 59. Kd3 g3
60. Ke2 Bb7 61. Nf5 g2 62. Kf2 b4 63. Ne3 b3 64. Nd1 Kd4 65. Nb2 Bc6 66. Nd1
Kd3 67. Nb2+ Kc2 68. Nc4 b2 69. Nxb2 Kxb2 0-1

[Event "BPB Limburg open"]
[Site "Maastricht"]
[Date "2015.05.23"]
[Round "2"]
[White "Huesmann, Thomas"]
[Black "Socko, Bartosz"]
[Result "0-1"]
[WhiteElo "2224"]
[BlackElo "2613"]
[PlyCount "98"]
[EventDate "2015.05.22"]
[EventType "swiss"]
[EventRounds "7"]
[EventCountry "NED"]
[Source "P.Boonen"]
[SourceDate "2015.10.01"]

1. e4 c5 2. Nf3 d6 3. d4 cxd4 4. Nxd4 Nf6 5. f3 e5 6. Nb3 a5 7. a4 Be7 8. c4
O-O 9. Be3 Nc6 10. Be2 Nh5 11. O-O f5 12. Nc3 f4 13. Bf2 Bh4 14. Qe1 Bxf2+ 15.
Qxf2 Be6 16. Rfd1 Rf6 17. Nb5 Bf7 18. Rd2 Qe7 19. Rad1 Rd8 20. Bf1 Rh6 21. Nc1
Nb4 22. b3 Na6 23. Nd3 Be8 24. Nc3 Qg5 25. Nd5 Ng3 26. h3 Nb8 27. Ne1 Nc6 28.
Nc2 Bh5 29. Nc3 Bf7 30. Kh2 Qe7 31. Ne2 Nh5 32. Nc3 Ng3 33. Ne2 Rg6 34. Kg1 Nh5
35. Nc3 Be6 36. Kh2 Ng3 37. Nd5 Qh4 38. Nc7 Bc8 39. c5 Nxf1+ 40. Qxf1 dxc5 41.
Qc4+ Kh8 42. Qxc5 Nd4 43. Nxd4 Bxh3 44. Kg1 exd4 45. Nb5 Bxg2 46. Rxg2 Rxg2+
47. Kxg2 Qg3+ 48. Kf1 Qxf3+ 49. Ke1 d3 0-1

[Event "BPB Limburg open"]
[Site "Maastricht"]
[Date "2015.05.23"]
[Round "2"]
[White "Janssen, Ruud"]
[Black "Burg, Twan"]
[Result "1-0"]
[WhiteElo "2464"]
[BlackElo "2507"]
[PlyCount "61"]
[EventDate "2015.05.22"]
[EventType "swiss"]
[EventRounds "7"]
[EventCountry "NED"]
[Source "P.Boonen"]
[SourceDate "2015.10.01"]

1. c4 e5 2. g3 Nf6 3. Bg2 Nc6 4. Nc3 Bc5 5. a3 a6 6. e3 O-O 7. Nge2 Re8 8. b4
Ba7 9. d3 d6 10. O-O h6 11. h3 Bf5 12. Bb2 Qd7 13. Kh2 Bh7 14. Rc1 Rad8 15. Qd2
Rc8 16. Rfd1 Nd8 17. d4 exd4 18. Nxd4 c5 19. Nde2 cxb4 20. axb4 Nc6 21. Nd5 Ne4
22. Qe1 Ne7 23. Nef4 Nxd5 24. Nxd5 Qf5 25. f3 Ng5 26. Qc3 f6 27. e4 Qd7 28.
Qxf6 Re6 29. Qc3 Rg6 30. f4 Nf7 31. Qxg7+ 1-0

[Event "BPB Limburg open"]
[Site "Maastricht"]
[Date "2015.05.23"]
[Round "2"]
[White "Johannessen, Leif Erlend"]
[Black "Beerdsen, Thomas"]
[Result "1-0"]
[WhiteElo "2515"]
[BlackElo "2291"]
[PlyCount "81"]
[EventDate "2015.05.22"]
[EventType "swiss"]
[EventRounds "7"]
[EventCountry "NED"]
[Source "P.Boonen"]
[SourceDate "2015.10.01"]

1. c4 c6 2. e4 e5 3. Nf3 d6 4. d4 Nd7 5. Nc3 Ngf6 6. Be2 Be7 7. O-O O-O 8. Be3
Ng4 9. Bd2 Re8 10. d5 a5 11. Ne1 Ngf6 12. Nd3 c5 13. Be3 b6 14. b3 Nf8 15. a3
Ba6 16. Qc2 N6d7 17. f3 Ng6 18. g3 Rf8 19. Nb5 Bxb5 20. cxb5 Bg5 21. Bf2 Rc8
22. Nb2 Qc7 23. Nc4 Ne7 24. Bd3 g6 25. f4 Bh6 26. Rad1 Rcd8 27. fxe5 Nxe5 28.
Nxe5 dxe5 29. b4 Rc8 30. bxc5 bxc5 31. Rb1 Qb6 32. Qc3 f6 33. Rfd1 Rfd8 34. Bf1
Rd6 35. Kh1 Kg7 36. Rb2 Qb7 37. a4 Rcd8 38. Rc2 Nxd5 39. exd5 Rxd5 40. Rxd5
Qxd5+ 41. Kg1 1-0

[Event "BPB Limburg open"]
[Site "Maastricht"]
[Date "2015.05.23"]
[Round "2"]
[White "Liedmann, Dennis"]
[Black "Van den Ouden, Lendert"]
[Result "1-0"]
[WhiteElo "2157"]
[BlackElo "2105"]
[PlyCount "145"]
[EventDate "2015.05.22"]
[EventType "swiss"]
[EventRounds "7"]
[EventCountry "NED"]
[Source "P.Boonen"]
[SourceDate "2015.10.01"]

1. d4 d5 2. Nf3 Nf6 3. e3 c5 4. b3 cxd4 5. exd4 g6 6. Nbd2 Bg7 7. Bb2 O-O 8. c4
Nc6 9. Bd3 b6 10. Qe2 Bb7 11. Rc1 Nh5 12. Qe3 dxc4 13. bxc4 Rc8 14. O-O Qd6 15.
g3 Rfd8 16. Ne4 Qd7 17. Rfd1 Nxd4 18. Bxd4 Bxd4 19. Qg5 Bg7 20. c5 Bxe4 21.
Bxe4 Qxd1+ 22. Rxd1 Rxd1+ 23. Kg2 Nf6 24. cxb6 axb6 25. Bb7 Rc7 26. Ba6 Nd5 27.
Be2 Bf6 28. Qh6 Bg7 29. Qh4 Rdc1 30. Qa4 Rc8 31. Qd7 e6 32. Ng5 R1c7 33. Qd6
Bf8 34. Qe5 Bg7 35. Qd6 Rc5 36. Ba6 Rf8 37. Bb7 Ne3+ 38. fxe3 Rxg5 39. Qxb6 Bf6
40. Qb4 Rb8 41. a4 Kg7 42. Qb6 Bd8 43. Qd4+ Bf6 44. Qa7 Be5 45. a5 Bxg3 46.
hxg3 Rxb7 47. Qxb7 Rxa5 48. Qb2+ Kg8 49. e4 Rg5 50. Qf6 h6 51. Kf3 Rb5 52. Kf4
Rg5 53. g4 Rb5 54. Ke3 h5 55. e5 Rb3+ 56. Kf4 hxg4 57. Kxg4 Rb1 58. Qf2 Rh1 59.
Kf4 Rh5 60. Ke4 Rf5 61. Qh4 Kg7 62. Kd4 Kg8 63. Qg3 Kg7 64. Qh2 Kg8 65. Kc5 Kg7
66. Kd6 Rg5 67. Qf4 Rf5 68. Qh4 Rf1 69. Ke7 Rf5 70. Qh1 Rxe5 71. Qa1 f6 72. Qa8
Kh6 73. Qh8+ 1-0

[Event "BPB Limburg open"]
[Site "Maastricht"]
[Date "2015.05.23"]
[Round "2"]
[White "Majhi, Ankit"]
[Black "Van der Valk, Niklas"]
[Result "1/2-1/2"]
[WhiteElo "2178"]
[BlackElo "2128"]
[PlyCount "97"]
[EventDate "2015.05.22"]
[EventType "swiss"]
[EventRounds "7"]
[EventCountry "NED"]
[Source "P.Boonen"]
[SourceDate "2015.10.01"]

1. e4 e5 2. Nf3 Nc6 3. Bb5 a6 4. Ba4 Nf6 5. O-O Be7 6. Re1 b5 7. Bb3 d6 8. c3
O-O 9. h3 Na5 10. Bc2 c5 11. d4 Qc7 12. Nbd2 Re8 13. Nf1 h6 14. Ne3 cxd4 15.
cxd4 Bf8 16. d5 Bd7 17. Bd2 Nc4 18. Nxc4 Qxc4 19. b3 Qc7 20. Bd3 Rec8 21. Qe2
g6 22. a4 Qb7 23. Kh2 Nh7 24. Reb1 Bg7 25. Bb4 Qb6 26. a5 Qb8 27. Rc1 Bf8 28.
Qe3 Nf6 29. Rxc8 Qxc8 30. Rc1 Qb7 31. Qb6 Rb8 32. Rc7 Qxb6 33. axb6 Rxb6 34.
Ra7 Rb8 35. Rxa6 Ne8 36. Ra7 Bc8 37. Nd2 f5 38. f3 Nf6 39. Nb1 Bb7 40. Nc3 fxe4
41. fxe4 Bc8 42. Bxb5 Bd7 43. Bxd7 Rxb4 44. Ba4 Nxe4 45. Na2 Rb8 46. b4 Nd2 47.
Bc6 e4 48. b5 Bg7 49. g4 1/2-1/2